00513nam a2200193 a 4500001001300000003000900013005001700022008004100039020000900080082001500089100003300104245003200137260003800169300000900207500003500216505001000251650002500261700003300286nice12345678IN_TiNIC20260116011408.0050524s1964 dela grp 000 0 urd  ac1000a297.5bSEO aSeoharvi, Mohd Hifzur Rahman aAkhlaq Awr Falsafa-I-Akhlaq aDelhibNadwatul Musannifeenc1964 a544p aincludes index and biblioraphy2 aindex aIslam-Moral Theology1 aSeoharvi, Mohd Hifzur Rahman